000 00980nam a2200277 i 4500
001 bg
003 BPK
005 20210825145543.0
008 000114s1980 pl a f |000 0 pol
015 _aPB 1981/1373
040 _aWA N
_cBPK
041 0 _apol
_brus
_beng
080 _a349.442(438)
080 _a338.22(438)
100 1 _aKorzeniewski, Władysław
_eAutor
245 1 0 _aUzgadnianie i zatwierdzanie dokumentacji inwestycji /
_cWładysław Korzeniowski.
260 _aWarszawa :
_bCentralny Ośrodek Informacji Budownictwa,
_c1980.
300 _a71 s. :
_btab. ;
_c21 cm.
490 1 _aProblematyka Budownictwa
_x0239-863X
_v146.
500 _aWykazy przepisów prawnych przy rozdz.
546 _aStreszcz. ros., ang.
650 4 _aBudownictwo
_xinwestycje
_xprawo
_zPolska.
830 0 _aProblematyka Budownictwa
_v146.
856 _uhttp://koha.tu.koszalin.pl/cgi-bin/koha/opac-detail.pl?biblionumber=19519
_yKatalog online BPK
942 _2UKD
_cKS
999 _c19519
_d19519